[Event "Gashimov Memorial 3rd"]
[Site "Shamkir"]
[Date "2016.05.27"]
[Round "2"]
[White "Hou, Yifan"]
[Black "Safarli, Eltaj"]
[Result "1/2-1/2"]
[WhiteElo "2663"]
[BlackElo "2664"]
[Annotator "Sadorra,J"]
[PlyCount "77"]
[EventDate "2016.05.26"]
[EventType "tourn"]
[EventRounds "9"]
[EventCountry "AZE"]
[EventCategory "20"]
[SourceTitle "CBM 173"]
[Source "ChessBase"]
[SourceDate "2016.07.12"]
[SourceVersion "1"]
[SourceVersionDate "2016.07.12"]
[SourceQuality "1"]

1. e4 e6 2. d4 d5 3. Nc3 Bb4 4. e5 c5 5. a3 Bxc3+ 6. bxc3 Ne7 7. h4 Qc7 $5 {
I first examined this variation in the game Tomzcak-Bartel in CBM 172.} ({
Another popular move here is} 7... Qa5 {which I also examined in detail in the
aforementioned game.}) 8. Nf3 ({or} 8. h5 h6 9. Nf3) 8... Bd7 9. h5 h6 10. Rh4
$5 {Not new, but the main idea behind it is to quickly pressure Black's
kingside pawns before Black can conveniently defend it, say after castling
queenside.} (10. Bd2 Nbc6 11. Bd3 (11. Rh4 O-O-O) 11... c4 {transposes to the
annotated game Tomzcak-Bartel.}) 10... Nbc6 11. Rg4 ({Another popular way for
White to continue is} 11. Bd3 c4 12. Be2 O-O-O 13. Kf1 Qa5 $1 (13... Rdf8 14.
Kg1 f6 15. Bf4 Qd8 (15... g5 $1 16. exf6 gxf4 17. fxe7 Rf7 18. Qd2 Rg8 19. Re1
Qd6 $11) 16. Bh2 f5 17. Qd2 Rfg8 18. Bf4 Qa5 19. Rh3 Nd8 20. Nh4 Be8 21. Qc1
Qa4 22. Qb2 Ndc6 23. Rb1 b6 24. Kh2 Nb8 25. Qb4 Qxb4 26. cxb4 $14 {1-0 (87)
Popilski,G (2519)-Das,S (2444) Pardubice CZE 2015}) 14. Qe1 (14. Rh3 Qa4 15.
Kg1 Kb8 16. Bf4 a6 $11) 14... f6 15. Rg4 fxe5 16. dxe5 Rhg8 17. Bd1 Rdf8 18.
Nd4 {0-1 (47) Vidarsson,J (2340)-Rozentalis,E (2605) Reykjavik 1996} Qc7 $1 19.
Nb5 (19. Bf4 Nxd4 20. cxd4 Be8 $17) 19... Qxe5 20. Nxa7+ Kc7 $1 (20... Kb8 21.
Nxc6+ Nxc6 22. Bf4 $1 $16) 21. Nb5+ (21. Qxe5+ Nxe5 22. Bf4 Rxf4 23. Rxf4 Ra8)
21... Kb8 (21... Kd8 $5) 22. Qd2 Be8 $15) 11... Nf5 (11... g5 $5 {seems too
weakening but Black can create enough counterplay to back it up} 12. hxg6 fxg6
13. Rh4 (13. a4 O-O-O (13... cxd4 $1 $146 14. cxd4 Nb4 $36 15. Bd3 (15. c4 dxc4
) 15... Qc3+ 16. Bd2 Nxd3+ 17. cxd3 Qxd3 {with an extra pawn for nothing.}) 14.
Ba3 {1/2-1/2 (40) Hagen,A (2430)-Ivanov,S (2559) Stockholm SWE 2015}) 13... Qa5
$1 14. Bd2 O-O-O 15. c4 $6 (15. dxc5 Qxc5 16. Rb4 $5 {with a complex game.})
15... Qc7 16. Rxh6 (16. c3 g5 $1) 16... Nxd4 17. Nxd4 cxd4 18. Qe2 dxc4 19.
Qxc4 Nc6 20. Rxg6 Qxe5+ 21. Qe2 Qc5 22. Rg5 e5 23. Qe4 Rh1 24. g3 Rdh8 25. Rb1
Qc4 26. Qd3 Qxd3 27. cxd3 Rxf1+ 28. Kxf1 Rh1+ 29. Kg2 Rxb1 30. Rg8+ Kc7 {
0-1 (30) Stopa,J (2451)-Sevillano,E (2522) Concord 2011}) 12. Bd3 $146 Nce7 ({
Here, the engine is first suggesting to brave the storm by castling kingside 
(?!?). But I believe it's a terrible choice as it's Black who has to be more
careful while White can leisurely build up his kingside pressure. Only a
computer will play like this because it can consistently calculate lines
accurately and find resources.} 12... O-O $2 13. Bd2 ({maybe even the direct} 
13. Qd2 $5) 13... Kh8 14. Qc1 $36) ({a better move though is} 12... cxd4 $1 {
avoiding White's idea in the main game} 13. Bxf5 {this may be Safarli's main
concern, or for anyone facing this idea otb the first time:} (13. cxd4 Ncxd4
14. Nxd4 Nxd4 15. Kf1 (15. Bf4 Rc8 16. Rc1 Nf5 $11 17. Bxf5 $6 exf5 18. Rxg7
Qc4 $36) 15... Nf5 16. Bf4 (16. Bxf5 exf5 17. Rd4 Be6 18. Bf4 Rc8 $15) 16...
Rc8 17. Rc1 (17. Rb1 b6) 17... Qc3 {Black is solid and has enough counterplay
on the queenside.}) 13... exf5 14. Rxg7 {the best defence is also the most
attractive positional idea:} Nd8 $1 {[%csl Ge6][%cal Ge6d4,Ge6g7,Ge6f4,Gd8e6]
bringing it to the nice blockading square e6} (14... dxc3 $2 15. Qxd5 Nd8 (
15... Be6 $4 16. Qxe6+) 16. Nd4 $16) 15. Rg3 (15. cxd4 Ne6 16. Rg3 f4 17. Rh3
Ba4 $36) 15... Ne6 $6 (15... Qxc3+ 16. Bd2 Qc4 17. Rb1 Bb5 18. Rxb5 Qxb5 19.
Nxd4 Qc4 20. Be3 (20. Bf4 Ne6) 20... f4 $1 21. Bxf4 Nc6 22. c3 $44 {White has
compensation but not more} Rc8 23. Qg4 Nxd4 24. cxd4 Qc2 $1 25. Qg7 Qh7 $11)
16. Nxd4 $14 {with f4 next.}) 13. dxc5 $1 Qxc5 $146 (13... O-O 14. Rb1 b6 15.
cxb6 axb6 16. Kf1 $1 (16. c4 {1-0 (27) Shirazi,K (2419)-Rabhi,C (2076) Sautron
2005}) 16... Qxc3 17. Rgb4 {threatening g4} Nc6 18. Rxb6 Rfc8 19. g4 Nfe7 20.
Rb7 Be8 21. Bxh6 $3 {a bolt from the blue} gxh6 22. R1b3 Qc5 23. Qd2 Kg7 24. g5
{with a winning attack. Another case showing the dangers of castling kingside
in this h4 variation.}) 14. Rb4 {Double attack: capture on b7 and threatening
to trap the f5-knight.} (14. Rb1 $142 $1 b6 15. Rgb4 f6 16. g4 fxe5 $1 17. gxf5
O-O 18. fxe6 Bxe6 19. Qe2 e4 20. Nd4 Bc8 (20... Bd7 21. Bb5) 21. Bb5 Qxc3+ 22.
Bd2 Qh3 {with a complex game in which White has better chances.}) 14... a5 $5 {
Ignoring the threat on b7 to gain the initiative.} (14... Qxc3+ $4 15. Bd2 Qc7
16. g4 a5 17. Rb3 $18) 15. Rxb7 Bc6 16. Rb3 $5 {The Women's World Champion
lures the bishop to a4 first before retreating all the way to b1. It's
difficult to judge if is a good idea as there are other factors involved. In
the end, it's the concrete lines in an complex position like this that will
prove whether an idea is correct or not.} (16. Rbb1 d4 (16... Qxc3+ 17. Kf1 $16
{and g4 next}) 17. c4 {[%cal Ge7c6,Gf5e7] White is still better but the black
bishop looks more active on c6. But then again, it's also bad to have it here
due to the concrete threat of g2-g4!} O-O 18. g4 (18. Bf4 $5 $16) 18... Bxf3
19. Qxf3 Qxe5+ 20. Qe4 Nh4 21. Ke2 $16) 16... Ba4 17. Rbb1 Qxc3+ 18. Bd2 ({
After} 18. Kf1 {Black can effectively avoid the N-trap with} Nc6 $1 19. g4 (19.
Bd2 Qxd3+ $1) 19... Nfd4 $132 20. Bb2 Qc5) 18... Qc5 $1 {Keeping more pieces
allows Black to create counterplay against White's queenside pawns.} (18...
Qxd3 $2 19. cxd3 {allowing White to fix his pawns} Bxd1 20. Kxd1 Nc6 21. Rb6
$16 {[%csl Ra5][%cal Ga1c1,Gc1c6,Gb6c6] and White will dominate on the
queenside.}) 19. Qe2 ({A better try could be to prevent ...Nd4:} 19. Kf1 Nc6 (
19... Nd4 20. Be3 Nec6 21. Nxd4 Nxd4 22. Kg1 $1 $18 (22. Bxd4 $2 Qxd4 23. Bb5+
Bxb5+ $17)) 20. g4 Nfe7 $13 {with a complex game ahead.}) (19. g4 Nd4 $36)
19... O-O (19... Nc6 $5 20. c3 O-O 21. g4 Nfe7 22. g5 hxg5 $1 23. Nxg5 Nf5 {
and Black can hold White's attack.}) 20. g4 (20. c3 Nc6 21. g4 Nfe7 {
transposes to the previous note.}) 20... Nd4 21. Nxd4 Qxd4 22. c3 Qc5 23. g5 (
23. Kf1 Rfb8 $132) 23... hxg5 24. Qg4 $1 (24. Bxg5 $2 {can be refuted by a
nice idea:} Qxc3+ 25. Kf1 (25. Bd2 Qd4) 25... Nc6 26. Re1 Bb5 $1 27. Bxb5 Qh3+
28. Kg1 Nd4 $19) 24... Bc6 25. Rc1 (25. h6 $142 {I'm sure White saw this
possibility, but wanted more out of the position.} gxh6 26. Bxg5 hxg5 27. Qxg5+
Ng6 28. Bxg6 fxg6 29. Qxg6+ Kh8 30. Qh6+ $11 {a logical end to a double-edged
game.}) 25... Nf5 $1 26. Bxg5 (26. Qxg5 f6) 26... Bb5 $1 27. Bxf5 (27. c4 Bxc4
28. Bf6 (28. h6 Qd4 $1 (28... g6 $4 29. h7+ $1) 29. Qxd4 Nxd4 30. Bxc4 Nf3+ 31.
Ke2 Nxg5 32. Rg1 g6 33. Bxd5 exd5 34. Rxg5 $11) 28... Qd4 $1 29. Bxf5 Qxg4 30.
Bxg4 gxf6 31. exf6 Kh7 {and Black comes out on top in this ending.}) 27... exf5
28. Qd4 $11 {After some tense moments for both sides the game reaches an equal
ending.} (28. Qxf5 Qc4 $19) 28... Qc4 29. Qxc4 Bxc4 30. Be7 Rfb8 31. Rab1 Bd3
32. Rxb8+ Rxb8 33. Kd2 Be4 34. Ke3 Rb2 35. Bc5 Rb5 36. Bd6 Rb2 37. Bc5 Rb5 38.
Bd6 Rb2 39. Bc5 1/2-1/2

[Event "Copenhagen Open-03 (Politiken Cup-02)"]
[Site "Copenhagen"]
[Date "1981.06.28"]
[Round "8"]
[White "Wedberg, Tom Birger"]
[Black "Roos, Louis"]
[Result "1-0"]
[WhiteElo "2420"]
[BlackElo "2375"]
[Annotator "Wedberg,T"]
[PlyCount "67"]
[EventDate "1981.06.20"]
[EventType "swiss"]
[EventRounds "10"]
[EventCountry "DEN"]
[SourceTitle "EXT 2000"]
[Source "ChessBase"]
[SourceDate "1999.11.16"]
[SourceVersion "1"]
[SourceVersionDate "1999.11.16"]
[SourceQuality "1"]

1. e4 e6 2. d4 d5 3. Nc3 Bb4 4. e5 c5 5. a3 Bxc3+ 6. bxc3 Ne7 7. Nf3 Bd7 8. a4
Qa5 9. Bd2 Nbc6 10. Be2 f6 11. Rb1 Qc7 12. Bf4 Ng6 13. Bg3 f5 $6 (13... fxe5
$142 14. O-O O-O 15. Bb5 cxd4 16. cxd4 Nf4 $5) 14. h4 cxd4 15. cxd4 Na5 16. h5
Ne7 17. h6 g6 18. Bh4 $5 (18. Ra1 Qc3+ 19. Kf1 $16) 18... Bxa4 19. Bf6 O-O (
19... Rf8 20. Ng5) 20. Qd2 $1 Nac6 21. Rh3 Rab8 22. Nh4 Rf7 23. Rg3 b5 24. Bh5
b4 25. Qg5 $2 (25. Ra1 $1 Bb5 (25... b3 26. cxb3 Bxb3 27. Qg5 f4 28. Qxf4 Bc2
29. Rc3 $16) 26. Qg5) 25... Kf8 $2 (25... f4 $1 26. Nxg6 (26. Bxg6 fxg3 $17)
26... hxg6 27. Bxg6 fxg3 28. h7+ (28. Bh5+ Kf8 29. Bg7+ Ke8 30. Bxf7+ Kxf7 (
30... Kd7 $2 31. Bxe6+ Kxe6 32. Qg4+ $1 Nf5 33. Qg6+ Ke7 34. Bf6+ Kf8 35. h7
$18) 31. h7 Rh8 $3 (31... Rg8 $2 32. Qf6+ Ke8 33. Qxe6 $3 Rh8 34. Bxh8 Bxc2 35.
Qg8+ $1 $18) 32. Bxh8 Bxc2 33. Bf6 Bxh7 34. Qg7+ Ke8 35. Qxh7 Nxd4 (35... Qb6
$5) 36. Qxe7+ Qxe7 37. Bxe7 Kxe7 38. fxg3 $13) 28... Rxh7 29. Bxh7+ Kf8 $1 $17)
26. Nxg6+ $1 hxg6 27. Bxg6 Nxg6 28. Qxg6 Ne7 (28... Ke8 29. Qg8+ Rf8 30. Qxe6+
Ne7 31. Rg7 $18) 29. Bxe7+ $1 Kxe7 30. Qxf7+ Kxf7 31. Rg7+ Kf8 32. Rxc7 Kg8 33.
Kd2 a6 34. Rh1 1-0

[Event "Olympiad-34"]
[Site "Istanbul"]
[Date "2000.11.09"]
[Round "12.1"]
[White "Rogers, Ian"]
[Black "Motwani, Paul"]
[Result "1-0"]
[WhiteElo "2558"]
[BlackElo "2464"]
[Annotator "Wells,P"]
[PlyCount "107"]
[EventDate "2000.10.28"]
[EventType "team-swiss"]
[EventRounds "14"]
[EventCountry "TUR"]
[SourceTitle "EXT 2001"]
[Source "ChessBase"]
[SourceDate "2000.11.22"]
[SourceVersion "1"]
[SourceVersionDate "2000.11.22"]
[SourceQuality "1"]
[WhiteTeam "Australia"]
[BlackTeam "Scotland"]
[WhiteTeamCountry "AUS"]
[BlackTeamCountry "SCO"]

1. e4 e6 2. d4 d5 3. Nc3 Bb4 4. e5 c5 5. a3 Bxc3+ 6. bxc3 Ne7 7. Nf3 Nbc6 8. a4
Qa5 9. Bd2 Bd7 10. Bb5 f6 11. Qe2 Qc7 12. O-O fxe5 13. Bxc6 Nxc6 14. Nxe5 O-O
15. Nxc6 Qxc6 16. Be3 b6 17. f3 Rae8 18. Bf2 cxd4 {[%csl Rc2,Rc3,Rc4,Ye5][%cal
Gf2d4,Gf3f4,Yc3d4]} 19. Bxd4 $1 {[%csl Gd4] A good piece! White threatens to
really esconce it with f4, when black's king-side could really feel the pinch.
In that case, the c3 pawn too will have excellent cover.} (19. cxd4 $2 Rc8 $17
{[%csl Rc2,Rc3,Rc4] Would leave the squares once occupied by the doubled pawns
seriously sick.}) 19... e5 $1 {This has the virtue that black can still attack
on the c-file, as well as retain some flexibility in the centre.} 20. Bxe5 Qxc3
21. f4 Bf5 22. Qb5 Qc5+ 23. Qxc5 bxc5 24. Rf2 $13 {The rest of the game is
beyond my scope here, although the bishop on e5 remains a key strength, while
white's rook manouevres will repay study.} Re6 25. a5 Ra6 26. c3 Be4 27. Rb2 h5
28. Rb5 Rc6 29. Ra2 Bd3 30. Rb7 Rf7 31. Rab2 Ra6 32. Rb8+ Kh7 33. h3 Rxa5 34.
g4 Ra1+ 35. Kf2 Rf1+ 36. Kg3 hxg4 37. hxg4 Rg1+ 38. Kh4 Rh1+ 39. Kg5 Rh6 40. f5
Re7 41. Rf8 Rxe5 42. Rbb8 Rg6+ 43. Kh4 Rh6+ 44. Kg3 Rh3+ 45. Kxh3 Kh6 46. Kh4
g5+ 47. Kg3 Re3+ 48. Kf2 Re2+ 49. Kf3 d4 50. cxd4 cxd4 51. Rfe8 Rxe8 52. Rxe8
Bc4 53. Rd8 d3 54. Ke3 1-0